01124nam a2200253 u 4500001001000000003000400010005001700014008004100031040002500072082001700097100004200114245010900156260003800265300002100303500002100324500007500345500007700420504003200497942001300529952019000542952011100732956001200843999001500855000004816OSt20201009135909.0090727s1995 dr r 000 0 spa d aDO-SdBNPbspacBNPHU axxxxbR883ch1 aRowland Cruz, James A.,913980d1952-13aEl cheque :bestudio legal, jurisprudencial y dotrinal en la República Dominicana /cJames A. Rowland. aSanto Domingo :bCorripio,c1995. a204 p. ;c23 cm. aIncluye índice aIncluye referencias bibliográficas y notas al pie de las páginas  aIncluye datos biográficos del autor en la solapa de la contracubierta. aBibliografía : p. 203-204 2ddccLF1 00102ddc738PDaPDbPDcCTd2009-07-27eFlia. Reyes DuluciLF1l0oxxxx R883chp4816-10r2020-06-25w2020-06-25yLFPDzPerteneció a la biblioteca personal de la familia Reyes Duluc. 00102ddc738PDaPDbPDcCTd2019-08-12iLF1l0oxxxx R883chp4816-20r2020-06-25te. 2w2020-06-25yLFPD aLOPEREZ c4622d4622